Dream SMP - Statistics

General Stats
  • This quiz has been taken 102 times
  • The average score is 5 of 33
Answer Stats
Members % Correct
Dream
100%
Georgenotfound
87%
Sapnap
84%
Callahan
64%
Awesamdude
46%
Ranboo
7%
Tommyinnit
7%
Alyssa
6%
Antfrost
6%
Badboyhalo
6%
Eret
6%
Fundy
6%
Hbomb
6%
Karl
6%
Nihachu
6%
Ponk
6%
Punz
6%
Purpled
6%
Quackity
6%
Skeppy
6%
Tubbo
6%
Vikkstar
6%
Wilbur Soot
6%
Captain puffy
5%
Connoreatspants
5%
Jack Manifold
5%
LazarBeam
5%
Technoblade
5%
FoolishG
4%
Ph1LzA
4%
Slimecicle
2%
Hannahxrose
1%
Ksi
1%
No matching quizzes found
Score Distribution
Percent of People with Each Score
Percentile by Number Answered
Your Score History
You have not taken this quiz